| Tag |
First Indicator |
Second Indicator |
Subfields |
| LEADER |
00000cam a2200000 a 4500 |
| 001 |
in00001613607 |
| 005 |
20151023054054.0 |
| 008 |
000728s2000 enka 001 0 eng d |
| 015 |
|
|
|a GBA0-50882
|
| 020 |
|
|
|a 0748753990
|
| 035 |
|
|
|a (OCoLC)ocm44695243
|
| 040 |
|
|
|a UKM
|c UKM
|d TXH
|d TXA
|d UtOrBLW
|
| 049 |
|
|
|a TXAM
|
| 082 |
0 |
4 |
|a 612.75
|2 21
|
| 090 |
|
|
|a RD686
|b .K55 2000
|
| 100 |
1 |
|
|a Kingston, Bernard.
|
| 245 |
1 |
0 |
|a Understanding joints :
|b a practical guide to their structure and function /
|c Bernard Kingston.
|
| 264 |
|
1 |
|a Cheltenham :
|b Stanley Thornes,
|c 2000.
|
| 300 |
|
|
|a viii, 240 pages :
|b illustrations ;
|c 25 cm.
|
| 336 |
|
|
|a text
|b txt
|2 rdacontent
|
| 337 |
|
|
|a unmediated
|b n
|2 rdamedia
|
| 338 |
|
|
|a volume
|b nc
|2 rdacarrier
|
| 504 |
|
|
|a Includes bibliographical references and index.
|
| 650 |
|
0 |
|a Joints
|x Physiology.
|
| 948 |
|
|
|a cataloged
|b h
|c 2001/6/5
|d c
|e eneff
|f 9:23:41 am
|
| 994 |
|
|
|a E0
|b TXA
|
| 999 |
|
|
|a MARS
|
| 999 |
f |
f |
|s e0b87780-2333-3130-8a8f-7353cf8a4fe2
|i d39fc285-091e-3962-81da-7e06309bf56c
|t 0
|
| 952 |
f |
f |
|p ric
|a Texas A&M University
|b Rellis Campus
|c Joint Library Facility
|d Remote Storage
|t 0
|e RD686 .K55 2000
|h Library of Congress classification
|i unmediated -- volume
|m A14827670116
|
| 998 |
f |
f |
|a RD686 .K55 2000
|t 0
|l Remote Storage
|